000 00939cam a22002051 4500
001 000019970
005 20200929170218.0
008 090217s1964 cl b 000 0 spa d
010 _a68116536
040 _aDO-SdBNP
_bspa
_cBNPHU
082 _axxx
_bM221
100 1 _aMaíllo, Adolfo,
_d1901-1995.
_942576
245 1 0 _aAcción social de la escuela /
_cAdolfo Maíllo García.
260 _aSantiago de Chile :
_bOficina Regional de Educación de la UNESCO,
_c1964.
300 _a100, [2] p. ;
_c23 cm.
490 1 _aPublicaciones del proyecto principal para la extensión y mejoramiento de la educación primaria en la América Latina
_amonografías,
_v6
504 _aIncluye referencias bibliográficas y notas al pie de las páginas
650 0 _aEducational sociology.
_942577
830 0 _aPublicaciones del proyecto principal para la extensión y mejoramiento de la educación primaria en la América Latina
_pmonografías
_v6
_942578
999 _c19483
_d19483